- Camps, Victoria
Entry Nombre Personal
001 - NUMERO DE CONTROL
- campo de control: 28640
003 - IDENTIFICADOR DE NUMERO DE CONTROL
- campo de control: DLC
005 - FECHA Y HORA DE LA ÜLTIMA TRANSACCIÓN
- campo de control: 20230310103958.0
008 - DATOS DE LONGITUD FIJA
- campo de control de longitud fija: 880818n| acannaabn |a aaa
010 ## - NÚMERO DE CONTROL DE LA BIBLIOTECA DEL CONGRESO
- Número de control LC: n 88055664
035 ## - NUMERO DE CONTROL
- Número de control: (OCoLC)oca02344240
040 ## - FUENTE DE CATALOGACIÓN
- Agencia original de catalogación: DLC
- Lenguaje de catalogación: spa
- Description conventions: rda
- Agencia de transcripción: DLC
- Agencia que lo modifica: DLC
- Agencia que lo modifica: OCoLC
- Agencia que lo modifica: MnU
- Agencia que lo modifica: MX-MxUPN
100 1# - ENCABEZAMIENTO - NOMBRE PERSONAL
- Nombre personal: Camps, Victoria
372 ## - CAMPO DE ACTIVIDAD
- Field of activity: Filosofía
373 ## - GRUPO ASOCIADO
- Associated group: Universidad Autónoma de Barcelona
- Fuente del término: naf
374 ## - OCUPACIÓN
- Occupation: Profesora universitaria
377 ## - LENGUA ASOCIADA
- Language code: spa
400 1# - VEÁSE - NOMBRE DE PERSONA
- Personal name: Camps Cervera, Victoria
670 ## - FUENTE EN LA QUE SE LOCALIZARON DATOS
- Cita de la fuente: Historia de la ética, c1988- :
- Información localizada: v. 1, t.p. (Victoria Camps)
670 ## - FUENTE EN LA QUE SE LOCALIZARON DATOS
- Cita de la fuente: LC data base, 8-12-88
- Información localizada: (hdg.: Camps, Victoria)
670 ## - FUENTE EN LA QUE SE LOCALIZARON DATOS
- Cita de la fuente: Etica, retórica, política, c1995:
- Información localizada: portada (Victoria Camps) página legal (Victoria Camps Cervera)
670 ## - FUENTE EN LA QUE SE LOCALIZARON DATOS
- Cita de la fuente: Per una cultura democràtica, 1997:
- Información localizada: cubierta (Victòria Camps)
670 ## - FUENTE EN LA QUE SE LOCALIZARON DATOS
- Cita de la fuente: El declive de la ciudadanía, 2010:
- Información localizada: solapa (Barcelona, 1941)
670 ## - FUENTE EN LA QUE SE LOCALIZARON DATOS
- Cita de la fuente: La búsqueda de la felicidad, 2019:
- Información localizada: portada (Victoria Camps) solapa (Victoria Camps; catedrática de Filosofía moral y política de la Universidad Autónoma de Barcelona)
902 ## - CATALOGADOR
- Catalogador: Víctor Ruiz/100323
